<?xml version="1.0" encoding="UTF-8"?>
<record
    xmlns:xsi="http://www.w3.org/2001/XMLSchema-instance"
    xsi:schemaLocation="http://www.loc.gov/MARC21/slim http://www.loc.gov/standards/marcxml/schema/MARC21slim.xsd"
    xmlns="http://www.loc.gov/MARC21/slim">

  <leader>01321na  a2200289   4500</leader>
  <controlfield tag="001">20094</controlfield>
  <controlfield tag="003">MIRAKIL</controlfield>
  <controlfield tag="005">20181213155038.0</controlfield>
  <controlfield tag="008">170103b        tu            000 0      </controlfield>
  <datafield tag="020" ind1=" " ind2=" ">
    <subfield code="a">9786056403309</subfield>
  </datafield>
  <datafield tag="040" ind1=" " ind2=" ">
    <subfield code="a">Milas</subfield>
    <subfield code="b">tur</subfield>
    <subfield code="c">TR-AnCHP</subfield>
  </datafield>
  <datafield tag="041" ind1=" " ind2=" ">
    <subfield code="a">tur</subfield>
  </datafield>
  <datafield tag="082" ind1=" " ind2=" ">
    <subfield code="a">372.7</subfield>
    <subfield code="b">T96 2013</subfield>
  </datafield>
  <datafield tag="090" ind1=" " ind2=" ">
    <subfield code="a">372.7 T96 2013</subfield>
  </datafield>
  <datafield tag="245" ind1=" " ind2=" ">
    <subfield code="a">T&#xFC;rkiye perspektifinden TIMSS 2011 sonu&#xE7;lar&#x131;</subfield>
    <subfield code="b">&#xF6;&#x11F;renimlerinin 4. y&#x131;l&#x131;nda &#xF6;&#x11F;rencilerin matematik ve fen ba&#x15F;ar&#x131;lar&#x131;na T&#xFC;rkiye &#xF6;zelinde bak&#x131;&#x15F;</subfield>
    <subfield code="b">&#xF6;&#x11F;renimlerinin 8. y&#x131;l&#x131;nda &#xF6;&#x11F;rencilerin matematik ve fen ba&#x15F;ar&#x131;lar&#x131;na T&#xFC;rkiye &#xF6;zelinde bak&#x131;&#x15F;</subfield>
    <subfield code="c">H&#xFC;seyin H. Y&#x131;ld&#x131;r&#x131;m,...[ve &#xF6;te.]</subfield>
  </datafield>
  <datafield tag="246" ind1=" " ind2=" ">
    <subfield code="a">&#xF6;&#x11F;renimlerinin 8. y&#x131;l&#x131;nda &#xF6;&#x11F;rencilerin matematik ve fen ba&#x15F;ar&#x131;lar&#x131;na T&#xFC;rkiye &#xF6;zelinde bak&#x131;&#x15F;</subfield>
  </datafield>
  <datafield tag="246" ind1=" " ind2=" ">
    <subfield code="a">&#xF6;&#x11F;renimlerinin 4. y&#x131;l&#x131;nda &#xF6;&#x11F;rencilerin matematik ve fen ba&#x15F;ar&#x131;lar&#x131;na T&#xFC;rkiye &#xF6;zelinde bak&#x131;&#x15F;</subfield>
  </datafield>
  <datafield tag="260" ind1=" " ind2=" ">
    <subfield code="a">Ankara</subfield>
    <subfield code="b">Tedmem</subfield>
    <subfield code="c">2013</subfield>
  </datafield>
  <datafield tag="300" ind1=" " ind2=" ">
    <subfield code="a">96 s.</subfield>
    <subfield code="b">tbl.; grf.</subfield>
    <subfield code="c">28 sm.</subfield>
  </datafield>
  <datafield tag="490" ind1=" " ind2=" ">
    <subfield code="a">Analizler Dizisi</subfield>
    <subfield code="v">1</subfield>
  </datafield>
  <datafield tag="504" ind1=" " ind2=" ">
    <subfield code="a">Kaynak&#xE7;a var.</subfield>
  </datafield>
  <datafield tag="650" ind1=" " ind2=" ">
    <subfield code="a">&#x130;lk&#xF6;&#x11F;retim fen</subfield>
    <subfield code="x">Ba&#x15F;ar&#x131;</subfield>
    <subfield code="y">Raporlar</subfield>
    <subfield code="z">T&#xFC;rkiye</subfield>
  </datafield>
  <datafield tag="650" ind1=" " ind2=" ">
    <subfield code="a">&#x130;lk&#xF6;&#x11F;retim matematik</subfield>
    <subfield code="x">Ba&#x15F;ar&#x131; </subfield>
    <subfield code="y">Raporlar</subfield>
    <subfield code="z">T&#xFC;rkiye</subfield>
  </datafield>
  <datafield tag="650" ind1=" " ind2=" ">
    <subfield code="a">TIMSS (Trends in International Mathematics and Science Study)</subfield>
    <subfield code="x">2011</subfield>
    <subfield code="z">T&#xFC;rkiye</subfield>
  </datafield>
  <datafield tag="700" ind1=" " ind2=" ">
    <subfield code="a">Y&#x131;ld&#x131;r&#x131;m, H&#xFC;seyin H.</subfield>
  </datafield>
  <datafield tag="942" ind1=" " ind2=" ">
    <subfield code="2">ddc</subfield>
    <subfield code="c">BKS</subfield>
  </datafield>
  <datafield tag="952" ind1=" " ind2=" ">
    <subfield code="a">0001</subfield>
    <subfield code="b">0001</subfield>
    <subfield code="d">2017-01-03</subfield>
    <subfield code="e">2</subfield>
    <subfield code="l">0</subfield>
    <subfield code="o">372.7 T96 2013</subfield>
    <subfield code="p">010459</subfield>
    <subfield code="r">2017-01-03 00:00:00</subfield>
    <subfield code="v">0.00</subfield>
    <subfield code="w">2017-01-03</subfield>
    <subfield code="y">BKS</subfield>
  </datafield>
  <datafield tag="999" ind1=" " ind2=" ">
    <subfield code="c">5498</subfield>
    <subfield code="d">5498</subfield>
  </datafield>
</record>
